000 00564nam a2200181Ia 4500
001 20881
005 20260306172838.0
008 260306t2020||||xx |||||||||||||| ||spa||
041 _aESP
082 _a343.8
_bM86P
100 _aMorales Mejía, Jaime,
_eAUT
245 0 _aPrincipales aspectos a tener en cuenta dentro de un procedimiento de cobranza coactiva iniciado por la SUNAT :
_bcasos en los que la SUNAT podrá trabar medidas cautelares
260 _c2020
300 _a64 páginas :
_c
650 _aGEN
654 _aCCO
942 _cLIB
_dJUS
_fJUS
_2ddc
_n
999 _c20881
_d20881